Statistics for Superhero and Villian alter ego quiz (DC characters only)

Click here to take the quiz!

General Stats

  • This quiz has been taken 165 times
    (159 since last reset)
  • The average score is 44 of 76

Answer Stats

HintAnswer% Correct
Oliver QueenGreen Arrow
95%
Slade WilsonDeathstroke
93%
Kara Zor-ElSupergirl
93%
Bruce WayneBatman
89%
Kal-El/Clark KentSuperman
89%
Barry AllenThe Flash
88%
Harvey DentTwo Face
88%
Richard 'Dick' GraysonRobin (The Boy Wonder)/Nightwing/Batman
87%
Selina KyleCatwoman
82%
Barbra GordanBatgirl/Oracle
81%
Hal JordanGreen Lantern
81%
Jason ToddRobin/Red Hood
80%
Harleen QuinzelHarley Quinn
79%
Wally WestKid Flash/The Flash
79%
J'onn J'onzz/John JonesMartian Manhunter
79%
Diana PrinceWonder Woman
78%
Oswald CobblepotPenguin
74%
Dinah LanceBlack Canary
73%
Billy BatsonCpt. Marvel/Shazam
73%
Bart AllenImpulse/Kid Flash
73%
Jay GarrikThe Flash
73%
Arthur CurryAquaman
71%
Ray PalmerThe ATOM
71%
Damian WayneRobin
70%
Tim DrakeRobin/Red Robin
70%
Edward NigmaThe Riddler
70%
Eobard ThawneProfessor Zoom/Reverse Flash
68%
Victor StoneCyborg
67%
Conner KentSuperboy
66%
Roy HarperSpeedy/Red Arrow/Arsenal
65%
Leonard SnartCpt. Cold
64%
Guy GardnerGreen Lantern
64%
Thomas WayneAlternative Batman
63%
John StewartGreen Lantern
62%
Jonathan CraneScarecrow
62%
Floyd LawtonDeadshot
61%
Victor FriesDr. Freeze
60%
Ronnie Raymond/Martin SteinFirestorm
60%
Pamela IsleyPoison Ivy
60%
Alan ScottGreen Lantern
59%
Koriand'rStarfire
59%
Carter HallHawkman
58%
Helena BertinelliHuntress
58%
Jack Napier?Red Hood/The Joker
54%
Terry McGinnisBatman
53%
Garfield LoganBeast Boy
53%
Shayera HolHawkgirl
53%
Jiame ReyesBlue Beetle
52%
Mick RoryHeatwave
49%
Kyle RaynerGreen Lantern
48%
Rachel RothRaven
47%
Martha WayneAlternative Joker
46%
Ted KordBlue Beetle
46%
Teth AdamBlack Adam
45%
Artemis CrockArtemis
43%
Kent Nelson/NabuDr. Fate
43%
Tatsu YamashiroKatana
41%
Barda FreeBig Barda
39%
Kaldur'ahnAqualad
38%
Cyrus GoldSolomon Grundy
38%
Jason BloodThe Demon Etrigan
38%
Patrick O'brianPlastic Man
37%
John SmithRed Tornado
35%
Scott FreeMister Miracle
34%
Michael CarterBooster Gold
33%
Jade NguyenCheshire
33%
Mark MardonWeather Wizard
33%
George HarknessCpt. Boomerang
31%
Boston BrandDeadman
31%
Nathaniel AdamCpt. Atom
30%
Simon BazGreen Lantern
29%
Lawrence CrockSportsmaster
28%
Antonio DeigoBane
25%
Dan GarretBlue Beetle
23%
Jim HarperGuardian
23%
Jim CraddockThe Gentleman Ghost
18%

Score Distribution

Percentile by Number Answered

Percent of People with Each Score

Your Score History

You have not taken this quiz since the last reset